Crime and justice / (Record no. 46510)
[ view plain ]
| 000 -LEADER | |
|---|---|
| fixed length control field | 00648cam a2200217 a 4500 |
| 001 - CONTROL NUMBER | |
| control field | 46510 |
| 003 - CONTROL NUMBER IDENTIFIER | |
| rucl marc code | BD-RjUL |
| 005 - DATE AND TIME OF LATEST TRANSACTION | |
| control field | 20211209054149.0 |
| 008 - FIXED-LENGTH DATA ELEMENTS--GENERAL INFORMATION | |
| fixed length control field | 160802r19661936nyu 00100 eng d |
| 035 ## - SYSTEM CONTROL NUMBER | |
| System control number | (BD-RjUL)46629 |
| 040 ## - CATALOGING SOURCE | |
| Original cataloging agency | ANL |
| Language of cataloging | eng |
| Modifying agency | ANL |
| -- | BD-RjUL |
| Transcribing agency | BD-RjUL |
| 041 ## - LANGUAGE CODE | |
| Language code of text/sound track or separate title | eng |
| 082 ## - DEWEY DECIMAL CLASSIFICATION NUMBER | |
| Edition number | 23 |
| Classification number | 364.973 |
| Author mark and year | GLC 1966 |
| 100 1# - MAIN ENTRY--PERSONAL NAME | |
| Personal name | Glueck, Sheldon |
| Dates associated with a name | 1896-1980. |
| 9 (RLIN) | 139996 |
| 245 10 - TITLE STATEMENT | |
| Title | Crime and justice / |
| Statement of responsibility, etc. | by Sheldon Glueck. |
| 260 ## - PUBLICATION, DISTRIBUTION, ETC. (IMPRINT) | |
| Place of publication, distribution, etc. | New York : |
| Name of publisher, distributor, etc. | Kraus, |
| Date of publication, distribution, etc. | 1936 [reprint1966] |
| 300 ## - PHYSICAL DESCRIPTION | |
| Pagination | viii, 349 p. ; |
| Size | 24 cm. |
| 500 ## - GENERAL NOTE | |
| General note | Includes indexes. |
| 650 #0 - SUBJECT ADDED ENTRY--TOPICAL TERM | |
| Topical term or geographic name as entry element | Criminal justice, Administration of |
| Geographic subdivision | United States. |
| 9 (RLIN) | 141902 |
| 942 ## - ADDED ENTRY ELEMENTS (KOHA) | |
| Source of classification or shelving scheme | Dewey Decimal Classification |
| Koha item type | Books |
| Lost status | Source of classification or shelving scheme | Damaged status | Not for loan | Collection code | Permanent Location | Current Location | Shelving location | Date acquired | Source of acquisition | Total Checkouts | Full call number | Date last seen | Copy number | Koha item type |
|---|---|---|---|---|---|---|---|---|---|---|---|---|---|---|
| Dewey Decimal Classification | Non-fiction | Central Library, University of Rajshahi | Central Library, University of Rajshahi | 11/11/1968 | Nipa lagne | 364.973 GLC 1966 | 02/08/2016 | C-2 | Books | |||||
| Dewey Decimal Classification | Non-fiction | Central Library, University of Rajshahi | Central Library, University of Rajshahi | 11/11/1968 | Nipa lagne | 364.973 GLC 1936 | 26/10/2016 | C-3 | Books |